000 00617nam a2200193Ia 4500
008 101110s9999 xx 000 0 und d
041 _aENGLISH
082 _bSR24330
100 _aMisra, S.K. and Puri, V.K.
245 _aEconomics of development and planning : theory and practice , edition 2001
365 _b325
520 _aEconomics
546 _aENGLISH
630 _aEconomics of development and planning : theory and practice , edition 2001
650 _aEconomics
655 _aEconomics
730 _aEconomics of development and planning : theory and practice , edition 2001
942 _cBOOK
999 _c817003
_d817000